000 00224nam a2200085Ia 4500
008 220204s9999 xx 000 0 und d
082 _a058(540)
_bTHA
245 0 _aThacker's Indian directory including Burma 1942-43
942 _cBK
999 _c19840
_d19840